00789 a2200181 4500952012500000999001500125020002500140020002200165050002100187100002800208245016100236264004700397300002200444500001900466504005600485650003800541942002800579 001040708NFICaLLbLLcGENd2018-05-26i029950l0oKF390.5 GLE 2014p029950r2021-05-26 00:00:00tc.1w2021-05-26yBK c8832d8832 a9780071799607 (pbk.) a0071799605 (pbk.)00aKF390.5 GLE 20141 aGilmore, Glen,eauthor.10aSocial media law for business :ba practical guide for using Facebook, Twitter, Google+, and blogs without stepping on legal landmines /cGlen Gilmore, ESQ. 1aNew York :bMcGraw-Hill Education,c[2015] aviii, 262 pages ; aIncludes index aIncludes bibliographical references (pages 245-254) 0aSocial mediaxLaw and legislation 2lcccBKh390.5iGLEkKF